000 01515cam a22001814a 4500
005 20250605163659.0
008 250528s ||||||||||||||||||||||||d
035 _a24206
020 _a9282679330
040 _aGR-AtMCL
_bgre
_dGR-AtMCL
_eAACR2
245 1 _aΟ Πολίτης στην Εσωτερική Αγορά
260 _bΔιοικητική Μονάδα 'Εκδόσεις'
_bΟπτικοακουστικός Τομέας, Πληροφόρηση, Επικοινωνία Και Πολιτιστικά Θέματα,
_c1994
300 _a8
520 _aΕνιαία Αγορά για Όλους, Η Διασφάλιση Τριών Ελευθεριών, Φθηνά Ταξίδια - Ποσότητες που Μπορούν να Μεταφερθούν, Ενδεικτικές Ποσότητες για τα Καπνά και τα Οινοπνευματώδη, Πίεση επί των Φόρων, Τόπος Διαμονής των Ηλικιωμένων και Τόπος Σπουδών, Αναγνώριση Διπλωμάτων, Ο Ανταγωνισμός Ευνοεί των Καταναλωτή, Μεγαλύτερη Επιλογή και Συμπίεση των Τιμών, Το Ελεύθερο Εμπόριο ως Αρχή, Υψηλές Προδιαγραφές για την Προστασία του Καταναλωτή, Το Ελεύθερο Εμπόριο ως Αρχή, Σκληρότερος Ανταγωνισμός.
942 _cCR
999 _c9100
_d9100